书目信息 |
| 题名: |
苏联文学史论文集
|
|
| 作者: | ;中国社会科学院外国文学研究所苏联文学研究室 编 | |
| 分册: | ||
| 出版信息: | 北京 外育教学与研究出版社 1982.9 |
|
| 页数: | 406页 | |
| 开本: | 20cm | |
| 丛书名: | ||
| 单 册: | ||
| 中图分类: | I512.09 | |
| 科图分类: | ||
| 主题词: | ||
| 电子资源: | ||
| ISBN: | ||
| 000 | 00699nam0 2200169 45 | |
| 001 | 0181021655 | |
| 005 | 20060912170834.82 | |
| 010 | @dCNY1.60 | |
| 100 | @a20810111d km y0chiy0120 ea | |
| 101 | 0 | @achi |
| 200 | 1 | @Asu lian wen xue shi lun wen ji@a苏联文学史论文集@f中国社会科学院外国文学研究所苏联文学研究室编@Fzhong guo she hui ke xue yuan wai guo wen xue yan jiu suo su lian wen xue yan jiu shi bian |
| 210 | @a北京@c外育教学与研究出版社@d1982.9 | |
| 215 | @a406页@d20cm | |
| 690 | @aI512.09@v4 | |
| 711 | 0 | @a中国社会科学院外国文学研究所苏联文学研究室@Azhong guo she hui ke xue yuan wai guo wen xue yan jiu suo su lian wen xue yan jiu shi@4编 |
| 801 | @aCN@bTSTC@c20060912 | |
| 905 | @dI512.09@e104 | |
| 苏联文学史论文集/中国社会科学院外国文学研究所苏联文学研究室编.-北京:外育教学与研究出版社,1982.9 |
| 406页;20cm |
| ISBN :CNY1.60 |
| ● |
| 相关链接 |
|
|
|
|
正题名:苏联文学史论文集
索取号:I512.09/104
 
预约/预借
| 序号 | 登录号 | 条形码 | 馆藏地/架位号 | 状态 | 备注 |
| 1 | 0088642 | 000688483 | 第一样本阅览室/ [索取号:I512.09/104] | 在馆 | |
| 2 | 0105090 | 000688633 | 密集书库/ [索取号:I512.09/104] | 在馆 | |
| 3 | 0421673 | 204216730 | 密集书库/ [索取号:I512.09/104] | 在馆 | |
| 4 | 0474817 | 204748176 | 密集书库/ [索取号:I512.09/104] | 在馆 |